Normal view MARC view
  • Butner, Steven E

Entry Personal Name

Number of records used in: 1

001 - CONTROL NUMBER

  • control field: 103719

003 - CONTROL NUMBER IDENTIFIER

  • control field: NUST

005 - DATE AND TIME OF LATEST TRANSACTION

  • control field: 20221128155905.0

008 - FIXED-LENGTH DATA ELEMENTS

  • fixed length control field: 221128|| aca||aabn | a|a d

040 ## - CATALOGING SOURCE

  • Original cataloging agency: NUST
  • Transcribing agency: NUST

100 ## - HEADING--PERSONAL NAME

  • Personal name: Butner, Steven E

670 ## - SOURCE DATA FOUND

  • Source citation: Work cat.: (NUST)182182: Long, Stephen I. 103718, Gallium arsenide digital integrated circuit design /, c1990.
© 2023 Central Library, National University of Sciences and Technology. All Rights Reserved.